000 00327nam a2200157Ia 4500
100 _aKhan/Zubair/ Khan/S.A
650 _aMathematics
942 _cBK
366 _f20
245 _aMathematics 1 for BCA
260 _bAne Books India
_c2009
082 _a519/KHA
_bKHA
300 _a590
546 _aENGLISH
999 _c23027
_d23027